[Event "Tata Steel India Blitz"]
[Site "Kolkata IND"]
[Date "2021.11.21"]
[Round "13.1"]
[White "Erigaisi, Arjun"]
[Black "Sadhwani, Raunak"]
[Result "1/2-1/2"]
[WhiteTitle "GM"]
[BlackTitle "GM"]
[WhiteElo "2627"]
[BlackElo "2609"]
[WhiteFideId "35009192"]
[BlackFideId "35093487"]
[EventDate "2021.11.20"]

1. d4 Nf6 2. c4 g6 3. Nc3 Bg7 4. e4 d6 5. h3 O-O 6. Be3 c5 7. d5 e6 8. Nf3 exd5
9. exd5 Bf5 10. Bd3 Bxd3 11. Qxd3 Re8 12. O-O Na6 13. Rfe1 Qd7 14. a3 Nc7 15.
Bf4 a6 16. Nd2 b5 17. Nde4 Nxe4 18. Nxe4 bxc4 19. Qxc4 Qb5 20. Qxb5 axb5 21.
Rad1 Bxb2 22. Kf1 f5 23. Nxd6 Rxe1+ 24. Kxe1 Bxa3 25. Nb7 Bb4+ 26. Kf1 Na6 27.
d6 c4 28. Bg5 h6 29. Bxh6 Nc5 30. Nxc5 Bxc5 31. Bg5 Bb6 32. d7 Bd8 33. Bd2 Kf7
34. Bb4 Be7 35. Rd5 Ke6 36. Rxb5 Bxb4 37. Rxb4 Kxd7 38. Rxc4 Ke7 39. Rc6 Kf7 40.
h4 Kg7 41. g3 Ra4 42. Kg2 Rb4 43. Rc3 Ra4 44. Kf3 Kf6 45. Rc6+ Kg7 46. Re6 Rb4
47. Ke3 Ra4 48. f3 Rb4 49. Rd6 Ra4 50. Rd4 Ra6 51. Kf4 Kf6 52. Rc4 Rb6 53. Ke3
Rb3+ 54. Kf4 Rb6 55. Ra4 Rc6 56. Ra3 Rc4+ 57. Ke3 Rc6 58. Kd4 Rd6+ 59. Kc5 Rd1
60. f4 Kg7 61. Kc4 Kh6 62. Rd3 Ra1 63. Kd5 Kh5 64. Ke6 Ra6+ 65. Kf7 Kg4 66. Kg7
Rb6 67. Re3 Ra6 68. Kh7 Rb6 69. Kg8 Ra6 70. Kf7 Rb6 1/2-1/2

[Event "Tata Steel India Blitz"]
[Site "Kolkata IND"]
[Date "2021.11.21"]
[Round "13.2"]
[White "Le, Quang Liem"]
[Black "Harika, Dronavalli"]
[Result "1-0"]
[WhiteTitle "GM"]
[BlackTitle "GM"]
[WhiteElo "2709"]
[BlackElo "2511"]
[WhiteFideId "12401137"]
[BlackFideId "5015197"]
[EventDate "2021.11.20"]

1. d4 Nf6 2. Nf3 d6 3. c4 g6 4. Nc3 Bg7 5. e4 O-O 6. h3 e5 7. d5 a5 8. g4 Na6 9.
Be3 Nd7 10. Rg1 Ndc5 11. h4 Kh8 12. h5 gxh5 13. g5 Bg4 14. Be2 f5 15. Nh4 f4 16.
Bxc5 Nxc5 17. Bxg4 hxg4 18. Qxg4 Nd3+ 19. Kd2 Nxb2 20. Rh1 Qe8 21. g6 h6 22. Nf5
Rxf5 23. Qxf5 Nxc4+ 24. Kd3 Nb2+ 25. Kc2 Na4 26. Nb5 Kg8 27. Rab1 Rc8 28. Na7
Rb8 29. Nc6 bxc6 1-0

[Event "Tata Steel India Blitz"]
[Site "Kolkata IND"]
[Date "2021.11.21"]
[Round "13.3"]
[White "Maghsoodloo, Parham"]
[Black "Aronian, Levon"]
[Result "1/2-1/2"]
[WhiteTitle "GM"]
[BlackTitle "GM"]
[WhiteElo "2706"]
[BlackElo "2782"]
[WhiteFideId "12539929"]
[BlackFideId "13300474"]
[EventDate "2021.11.20"]

1. e4 e5 2. Nf3 Nf6 3. Nxe5 d6 4. Nd3 Nxe4 5. Qe2 Qe7 6. Nf4 Nc6 7. c3 Nf6 8. d4
Bf5 9. f3 h5 10. h4 O-O-O 11. Qxe7 Nxe7 12. Kf2 g6 13. Nh3 Nh7 14. Bc4 d5 15.
Be2 Bd7 16. Nd2 Nf5 17. g3 Re8 18. Bd3 c5 19. Bxf5 Bxf5 20. Nf1 cxd4 21. cxd4
Bxh3 22. Rxh3 Kd7 23. Bf4 Bg7 24. Rd1 Re6 25. Ne3 Rc8 26. Rhh1 Ra6 27. a3 Nf8
28. Be5 Bh6 29. Bf4 Bxf4 30. gxf4 Ne6 31. Kg3 Ng7 32. Rhe1 Re6 33. Kf2 Nf5 34.
Nxf5 Rc2+ 35. Kg3 gxf5 36. Re5 Rg6+ 37. Kh3 Rgg2 38. Rh1 Rgf2 39. Kg3 Rg2+ 40.
Kh3 Rgf2 41. Kg3 1/2-1/2

[Event "Tata Steel India Blitz"]
[Site "Kolkata IND"]
[Date "2021.11.21"]
[Round "13.5"]
[White "Nihal, Sarin"]
[Black "Vidit, Santosh Gujrathi"]
[Result "1-0"]
[WhiteTitle "GM"]
[BlackTitle "GM"]
[WhiteElo "2650"]
[BlackElo "2727"]
[WhiteFideId "25092340"]
[BlackFideId "5029465"]
[EventDate "2021.11.20"]

1. Nf3 Nf6 2. c4 c5 3. b3 Nc6 4. Bb2 d5 5. cxd5 Nxd5 6. Nc3 e5 7. e3 Nxc3 8.
Bxc3 Bd6 9. Bb5 Bd7 10. O-O O-O 11. Qb1 Qe7 12. d3 f5 13. Qb2 Rae8 14. Rad1 Kh8
15. Bc4 Be6 16. Bxe6 Qxe6 17. d4 cxd4 18. exd4 exd4 19. Nxd4 Qh6 20. Nf3 Rf7 21.
Rfe1 Re4 22. h3 Kg8 23. Bd2 Qg6 24. Ng5 Rxe1+ 25. Rxe1 Re7 26. Qb1 h6 27. Nf3
Re4 28. Bc3 Qe6 29. Qd1 Bc5 30. Qd3 Kh7 31. Kf1 a6 32. Qc2 Bb6 33. Rxe4 Qxe4 34.
Qxe4 fxe4 35. Nd2 e3 36. Nc4 Bc5 37. Nxe3 Kg6 38. Ke2 b5 39. f4 Ne7 40. Be5 Kf7
41. Kd3 g6 42. g4 h5 43. Ke4 hxg4 44. hxg4 Bxe3 45. Kxe3 Ke6 46. Ke4 a5 47. a4
bxa4 48. bxa4 Nc8 49. Bc7 Ne7 50. Bxa5 Nc6 51. Bc3 1-0

[Event "Tata Steel India Blitz"]
[Site "Kolkata IND"]
[Date "2021.11.21"]
[Round "14.1"]
[White "Harika, Dronavalli"]
[Black "Nihal, Sarin"]
[Result "0-1"]
[WhiteTitle "GM"]
[BlackTitle "GM"]
[WhiteElo "2511"]
[BlackElo "2650"]
[WhiteFideId "5015197"]
[BlackFideId "25092340"]
[EventDate "2021.11.20"]

1. e4 g6 2. d4 Bg7 3. Nc3 d6 4. Be3 Nc6 5. Nf3 Bg4 6. Bb5 a6 7. Bxc6+ bxc6 8.
O-O Nf6 9. h3 Bxf3 10. Qxf3 Nd7 11. Rad1 e5 12. dxe5 Nxe5 13. Qe2 O-O 14. f4 Nd7
15. Qc4 c5 16. e5 Re8 17. Bc1 Nb6 18. Qe4 Qe7 19. a4 Qe6 20. b3 f5 21. Qc6 dxe5
22. Qxe6+ Rxe6 23. a5 e4 24. Nxe4 Rxe4 25. axb6 cxb6 26. Rd6 c4 27. Kh2 b5 28.
Rb6 Re2 29. bxc4 bxc4 30. Rd1 Rxc2 31. Be3 Re8 32. Bc5 Rc8 33. Bg1 c3 34. Rd7
Rd2 35. Re7 c2 36. Rbb7 Bf8 37. Rec7 c1=Q 38. Rxc1 Rxc1 39. Be3 Rcc2 0-1

[Event "Tata Steel India Blitz"]
[Site "Kolkata IND"]
[Date "2021.11.21"]
[Round "14.3"]
[White "Vidit, Santosh Gujrathi"]
[Black "Shankland, Sam"]
[Result "0-1"]
[WhiteTitle "GM"]
[BlackTitle "GM"]
[WhiteElo "2727"]
[BlackElo "2708"]
[WhiteFideId "5029465"]
[BlackFideId "2004887"]
[EventDate "2021.11.20"]

1. Nf3 d5 2. d4 Nf6 3. c4 e6 4. Nc3 c6 5. e3 Nbd7 6. Qc2 b6 7. Bd3 Bb7 8. b3 Be7
9. O-O O-O 10. Bb2 Qc7 11. Rac1 Rac8 12. Rfd1 g6 13. Qe2 Qb8 14. e4 dxe4 15.
Nxe4 c5 16. Neg5 Bxf3 17. Nxf3 cxd4 18. Bxd4 Rfe8 19. Qb2 Rcd8 20. Ne5 Qc7 21.
Be2 Bc5 22. Nxd7 Nxd7 23. b4 Bxd4 24. Rxd4 a5 25. a3 axb4 26. axb4 Ne5 27. c5
Nc6 28. Rxd8 Rxd8 29. cxb6 Qxb6 30. b5 Nd4 31. Bf1 e5 32. Qc3 Rb8 33. Qc5 Qf6
34. Qc7 Rb6 35. Rc5 Re6 36. h3 Kg7 37. Bc4 Rd6 38. Bxf7 Ne2+ 39. Kf1 Ng3+ 40.
Ke1 Kh6 41. fxg3 e4 42. Bb3 Qd4 43. Rc3 Qg1+ 44. Ke2 Qxg2+ 45. Ke1 Qg1+ 46. Ke2
Qg2+ 47. Ke1 Qd2+ 48. Kf1 Rf6+ 49. Kg1 Qe1+ 0-1

[Event "Tata Steel India Blitz"]
[Site "Kolkata IND"]
[Date "2021.11.21"]
[Round "14.4"]
[White "Aronian, Levon"]
[Black "Erigaisi, Arjun"]
[Result "0-1"]
[WhiteTitle "GM"]
[BlackTitle "GM"]
[WhiteElo "2782"]
[BlackElo "2627"]
[WhiteFideId "13300474"]
[BlackFideId "35009192"]
[EventDate "2021.11.20"]

1. e4 c5 2. Nf3 d6 3. d4 cxd4 4. Nxd4 Nf6 5. Nc3 g6 6. Be3 Bg7 7. f3 O-O 8. Qd2
Nc6 9. O-O-O d5 10. exd5 Nxd5 11. Nxc6 bxc6 12. Bd4 e5 13. Bc5 Re8 14. Ne4 Qc7
15. Bc4 Be6 16. Kb1 Rad8 17. Bb3 f5 18. Ng3 a5 19. Qf2 Qf7 20. Rhe1 Qf6 21. Ne2
Rd7 22. Ba4 Rc8 23. Nc1 e4 24. Bd4 e3 25. Qf1 Qd8 26. Nb3 Bxd4 27. Nxd4 Qb6 28.
Bb3 Bf7 29. f4 a4 30. Bxd5 Rxd5 31. c3 Rb8 32. Qe2 Rd7 33. Rc1 c5 34. Rc2 cxd4
35. cxd4 Qxd4 36. g3 Qd5 0-1

[Event "Tata Steel India Blitz"]
[Site "Kolkata IND"]
[Date "2021.11.21"]
[Round "14.5"]
[White "Sadhwani, Raunak"]
[Black "Le, Quang Liem"]
[Result "1-0"]
[WhiteTitle "GM"]
[BlackTitle "GM"]
[WhiteElo "2609"]
[BlackElo "2709"]
[WhiteFideId "35093487"]
[BlackFideId "12401137"]
[EventDate "2021.11.20"]

1. c4 e6 2. g3 d5 3. Bg2 Nf6 4. Nf3 dxc4 5. Qa4+ c6 6. Qxc4 b5 7. Qb3 Bb7 8. d4
Nbd7 9. O-O Be7 10. Ne5 Nxe5 11. dxe5 Nd7 12. Nc3 O-O 13. Bf4 Qb6 14. Rfd1 Rfd8
15. h4 a6 16. Qc2 h6 17. a4 b4 18. Ne4 c5 19. a5 Qc7 20. Nd2 g5 21. hxg5 hxg5
22. Be3 Nxe5 23. Ne4 Bxe4 24. Qxe4 Rac8 25. Qb7 c4 26. Bb6 Rxd1+ 27. Rxd1 Qxb7
28. Bxb7 Rb8 29. Bxa6 c3 30. Bc7 Ra8 31. Bb7 Ra7 32. a6 Nc4 33. Bb8 Bc5 34. bxc3
bxc3 35. Rc1 Nd6 36. Bxa7 Bxa7 37. Rxc3 Kg7 38. Rc7 Kf6 39. Bc6 Bb6 40. a7 1-0

[Event "Tata Steel India Blitz"]
[Site "Kolkata IND"]
[Date "2021.11.21"]
[Round "15.1"]
[White "Maghsoodloo, Parham"]
[Black "Vidit, Santosh Gujrathi"]
[Result "0-1"]
[WhiteTitle "GM"]
[BlackTitle "GM"]
[WhiteElo "2706"]
[BlackElo "2727"]
[WhiteFideId "12539929"]
[BlackFideId "5029465"]
[EventDate "2021.11.20"]

1. c4 c5 2. g3 g6 3. Bg2 Bg7 4. Nc3 Nc6 5. a3 Nf6 6. Rb1 O-O 7. b4 cxb4 8. axb4
a6 9. d4 d6 10. e3 a5 11. b5 Nb4 12. Ba3 Bf5 13. e4 Be6 14. d5 Bg4 15. f3 Bd7
16. Nge2 Qb6 17. Qd2 Rfc8 18. Na4 Qc7 19. Rc1 e6 20. O-O exd5 21. cxd5 Qd8 22.
Bxb4 Rxc1 23. Rxc1 Bxb5 24. Bc3 Bxa4 25. Qb2 b5 26. Qa1 Rc8 27. Bf1 h5 28. Kg2
h4 29. Nd4 Nh5 30. Nc6 Qg5 31. Bxg7 hxg3 32. Ne7+ Kh7 33. Rxc8 Nf4+ 34. Kg1
gxh2+ 35. Kf2 h1=N+ 36. Ke3 Nxd5+ 37. Kd3 Nf2+ 38. Ke2 Qe3# 0-1

[Event "Tata Steel India Blitz"]
[Site "Kolkata IND"]
[Date "2021.11.21"]
[Round "15.2"]
[White "Nihal, Sarin"]
[Black "Le, Quang Liem"]
[Result "0-1"]
[WhiteTitle "GM"]
[BlackTitle "GM"]
[WhiteElo "2650"]
[BlackElo "2709"]
[WhiteFideId "25092340"]
[BlackFideId "12401137"]
[EventDate "2021.11.20"]

1. Nf3 d5 2. d4 Nf6 3. c4 e6 4. Nc3 a6 5. cxd5 exd5 6. Bg5 Be6 7. e3 Nbd7 8. Bd3
Bd6 9. Qc2 c6 10. O-O h6 11. Bf4 Qc7 12. Bxd6 Qxd6 13. h3 O-O 14. Ne2 Rfe8 15.
Rac1 Ne4 16. Nf4 Bf5 17. Nh4 Bh7 18. f3 Nef6 19. Bxh7+ Nxh7 20. Nf5 Qf8 21. e4
g6 22. Ng3 h5 23. Qb3 Qh6 24. Nge2 Rab8 25. e5 Nhf8 26. Kh1 f6 27. Nd3 fxe5 28.
Nxe5 Nxe5 29. dxe5 Rxe5 30. Nd4 Qe3 31. Qd1 Rbe8 32. Rc3 Qe1 33. Rb3 Qxd1 34.
Rxd1 R8e7 35. Kh2 h4 36. a4 g5 37. a5 Ng6 38. Rc3 Nf4 39. Rd2 Re1 40. Nf5 R7e2
41. Rxe2 Rxe2 42. Rb3 Rxg2+ 43. Kh1 Rf2 44. Rxb7 Rxf3 45. Ne7+ Kf8 46. Nxc6
Rxh3+ 47. Kg1 Rg3+ 48. Kh1 h3 49. Ne5 Re3 50. Rf7+ Ke8 51. Rf5 Ne6 52. Ng4 Rg3
53. Nf6+ Ke7 54. Nxd5+ Kd6 55. Nc3 Re3 56. Kh2 g4 57. Rd5+ Ke7 58. Rf5 Rd3 59.
Nd5+ Kd6 60. Nf6 Rd2+ 61. Kh1 Rd1+ 62. Kh2 Nd4 63. Rf2 Rd3 64. Nxg4 Rb3 65. Rd2
Kc5 66. Rf2 Kb4 67. Ne5 Kxa5 68. Rd2 Nf3+ 69. Nxf3 Rxf3 70. Rd4 Rb3 71. Rd2 Kb4
72. Rd4+ Kc5 73. Rd2 Re3 74. Rf2 a5 75. Rf4 Rb3 76. Rg4 Kb5 77. Rg5+ Ka4 78. Rf5
Rxb2+ 79. Kxh3 Kb4 80. Rf4+ Ka3 81. Kg3 a4 82. Kh3 Kb3 83. Rf3+ Ka2 84. Rf4 a3
85. Kg3 Rc2 86. Rb4 Rb2 87. Rf4 Kb3 88. Rf3+ Ka4 89. Rf8 a2 90. Kf3 Rb3+ 91. Ke2
Ra3 92. Ra8+ Kb4 93. Rb8+ Kc5 0-1

[Event "Tata Steel India Blitz"]
[Site "Kolkata IND"]
[Date "2021.11.21"]
[Round "15.3"]
[White "Shankland, Sam"]
[Black "Harika, Dronavalli"]
[Result "0-1"]
[WhiteTitle "GM"]
[BlackTitle "GM"]
[WhiteElo "2708"]
[BlackElo "2511"]
[WhiteFideId "2004887"]
[BlackFideId "5015197"]
[EventDate "2021.11.20"]

1. Nf3 Nf6 2. g3 g6 3. b3 Bg7 4. Bb2 O-O 5. Bg2 d6 6. d4 b5 7. Ne5 dxe5 8. Bxa8
c6 9. O-O Nd5 10. a4 b4 11. dxe5 Nc7 12. Qd4 Nxa8 13. Qxa7 Bh3 14. Re1 Qd5 15.
e4 Qe6 16. Qxa8 Nd7 17. Qa7 Nxe5 18. Nd2 Rd8 19. Bxe5 Bxe5 20. Rad1 Bd4 21. Qa5
Rd7 22. Nf3 Qf6 23. Nxd4 Rxd4 24. f4 Qd6 25. e5 Qd7 26. e6 fxe6 27. Rc1 Rd2 28.
Qxb4 Bf5 29. Qb8+ Kf7 30. Qe5 Bg4 31. Qe3 Bh3 32. Re2 Rd5 33. Rce1 h5 34. c4 Rd3
35. Qe5 Rxb3 36. f5 Bxf5 37. Rf2 Rd3 38. Re3 Rd1+ 39. Kg2 c5 40. h3 Kg8 41. Kh2
Qxa4 42. Rxf5 exf5 43. Qe6+ Kh8 44. Qe5+ Kg8 45. Qe6+ Kh8 46. Re2 Qa1 47. Qc8+
Kg7 48. Rxe7+ Kf6 49. Qf8+ Kg5 0-1

[Event "Tata Steel India Blitz"]
[Site "Kolkata IND"]
[Date "2021.11.21"]
[Round "15.4"]
[White "Aronian, Levon"]
[Black "Sadhwani, Raunak"]
[Result "1-0"]
[WhiteTitle "GM"]
[BlackTitle "GM"]
[WhiteElo "2782"]
[BlackElo "2609"]
[WhiteFideId "13300474"]
[BlackFideId "35093487"]
[EventDate "2021.11.20"]

1. e4 e5 2. Nf3 Nc6 3. Bb5 a6 4. Ba4 b5 5. Bb3 Na5 6. d4 exd4 7. Nxd4 Bb7 8. a4
c5 9. Nf5 g6 10. Nd6+ Bxd6 11. Qxd6 Qe7 12. Bf4 g5 13. Qxe7+ Nxe7 14. Bd6 c4 15.
Ba2 Bxe4 16. Nc3 Bc6 17. O-O-O Nb7 18. Ba3 d6 19. Rhe1 Rd8 20. b3 cxb3 21. Bxb3
bxa4 22. Bd5 Rc8 23. Bxc6+ 1-0

[Event "Tata Steel India Blitz"]
[Site "Kolkata IND"]
[Date "2021.11.21"]
[Round "16.1"]
[White "Harika, Dronavalli"]
[Black "Maghsoodloo, Parham"]
[Result "0-1"]
[WhiteTitle "GM"]
[BlackTitle "GM"]
[WhiteElo "2511"]
[BlackElo "2706"]
[WhiteFideId "5015197"]
[BlackFideId "12539929"]
[EventDate "2021.11.20"]

1. e4 e6 2. d4 d5 3. exd5 exd5 4. Nf3 Nc6 5. Bb5 Bd6 6. c4 dxc4 7. d5 a6 8. Ba4
b5 9. dxc6 bxa4 10. O-O Ne7 11. Qxa4 Rb8 12. a3 O-O 13. Qxc4 Rb5 14. Bg5 Be6 15.
Qc2 h6 16. Bh4 Qb8 17. b4 Nf5 18. Bg3 Nxg3 19. hxg3 Qb6 20. Nbd2 Bxg3 21. Rac1
Rd8 22. Ne4 Bf5 23. Qe2 Bf4 24. Rc4 Rbd5 25. Nc5 Bd6 26. Nd4 Bxc5 27. bxc5 Qa5
28. Nxf5 Rxf5 29. Qe3 Qb5 30. Rfc1 Qxc6 31. Rg4 Re8 32. Qg3 g6 33. Qh3 h5 34.
Rg3 Qf6 35. Rf1 Re2 36. Rf3 Rxf3 37. Qxf3 Qxf3 38. gxf3 Rc2 39. Rd1 Rxc5 40. Rd7
Rc3 41. Kg2 Kf8 42. a4 Rc4 43. Rd8+ Ke7 44. Rc8 a5 45. Kg3 h4+ 46. Kh3 g5 47. f4
Rxf4 48. Rxc7+ Kf6 49. Ra7 Rxa4 50. Ra6+ Kf5 51. Ra7 f6 52. f3 Ra3 0-1

[Event "Tata Steel India Blitz"]
[Site "Kolkata IND"]
[Date "2021.11.21"]
[Round "16.2"]
[White "Vidit, Santosh Gujrathi"]
[Black "Erigaisi, Arjun"]
[Result "0-1"]
[WhiteTitle "GM"]
[BlackTitle "GM"]
[WhiteElo "2727"]
[BlackElo "2627"]
[WhiteFideId "5029465"]
[BlackFideId "35009192"]
[EventDate "2021.11.20"]

1. d4 d5 2. c4 e6 3. Nf3 Nf6 4. Nc3 c6 5. e3 Nbd7 6. Qc2 Bd6 7. Be2 dxc4 8. Bxc4
b5 9. Bd3 Bb7 10. e4 e5 11. Bg5 h6 12. Bh4 Qc7 13. O-O-O O-O-O 14. Kb1 Kb8 15.
Rhf1 Rhe8 16. dxe5 Nxe5 17. Nxe5 Bxe5 18. f4 Bxc3 19. bxc3 Rc8 20. Rfe1 Ka8 21.
e5 Nd5 22. Bg3 Qb6 23. Bf5 Rcd8 24. Rd3 b4 25. Ka1 Nxc3 26. Bf2 c5 27. Bd7 Re7
28. Rd6 Qc7 29. Qd2 Rexd7 0-1

[Event "Tata Steel India Blitz"]
[Site "Kolkata IND"]
[Date "2021.11.21"]
[Round "16.3"]
[White "Sadhwani, Raunak"]
[Black "Nihal, Sarin"]
[Result "0-1"]
[WhiteTitle "GM"]
[BlackTitle "GM"]
[WhiteElo "2609"]
[BlackElo "2650"]
[WhiteFideId "35093487"]
[BlackFideId "25092340"]
[EventDate "2021.11.20"]

1. c4 Nf6 2. Nf3 c6 3. d4 d5 4. e3 g6 5. Nc3 Bg7 6. Be2 O-O 7. O-O a6 8. a4 Bg4
9. Qb3 Ra7 10. h3 Bxf3 11. Bxf3 e6 12. a5 Nbd7 13. Bd2 h5 14. Rfd1 Qe7 15. Na4
Rd8 16. Bb4 Qe8 17. Nc5 Bf8 18. Nd3 Bxb4 19. Qxb4 Qf8 20. Qb3 Qd6 21. h4 Kg7 22.
g3 Ne8 23. Kg2 Nef6 24. Qc3 Raa8 25. b4 Rab8 26. Rab1 Rdc8 27. Nc5 Qe7 28. Rb2
Kg8 29. Nd3 Ne8 30. Nc5 Nd6 31. Be2 Nf6 32. Qc2 Kg7 33. Rb3 Rc7 34. Rdb1 Rbc8
35. Kg1 Rd8 36. Qc1 dxc4 37. Bxc4 e5 38. dxe5 Qxe5 39. Bd3 Re7 40. Qc2 Nd7 41.
Bf1 Nxc5 42. bxc5 Nb5 43. Rd3 Rxd3 44. Bxd3 Na3 45. Qc1 Nxb1 46. Bxb1 Qa1 47.
Kg2 Qxa5 48. Qb2+ Kg8 49. Qd4 Qc7 50. Qc4 Kg7 51. g4 hxg4 52. Qxg4 Qe5 53. Qc4
Qf6 54. Ba2 Re5 55. Qb4 Qe7 56. Qb2 Qf6 57. Qxb7 Rxc5 58. Qxa6 Qxh4 0-1

[Event "Tata Steel India Blitz"]
[Site "Kolkata IND"]
[Date "2021.11.21"]
[Round "16.4"]
[White "Le, Quang Liem"]
[Black "Shankland, Sam"]
[Result "1/2-1/2"]
[WhiteTitle "GM"]
[BlackTitle "GM"]
[WhiteElo "2709"]
[BlackElo "2708"]
[WhiteFideId "12401137"]
[BlackFideId "2004887"]
[EventDate "2021.11.20"]

1. d4 Nf6 2. Nf3 e6 3. c4 d5 4. Nc3 c6 5. e3 Nbd7 6. Qc2 b6 7. Bd3 Bb7 8. O-O
Be7 9. Rd1 Qc7 10. b3 O-O 11. Bb2 g6 12. Rac1 Rac8 13. h3 Rfd8 14. Ne5 c5 15.
Nxd7 Rxd7 16. cxd5 cxd4 17. dxe6 Qc6 18. Be4 Qxe6 19. Bxb7 Rxb7 20. Rxd4 Rbc7
21. Qd1 Bf8 22. Ne2 Rxc1 23. Nxc1 h5 24. Ne2 Qf5 25. Rf4 Qc2 26. Qxc2 Rxc2 27.
Bxf6 Rxe2 28. Ra4 a5 29. g4 Bb4 30. a3 b5 31. Rxb4 axb4 32. axb4 hxg4 33. hxg4
Kf8 34. Kg2 Ke8 35. Kf3 Rc2 36. Kg3 Kd7 37. f3 Ke6 38. g5 Rc1 39. Kf4 Rb1 40.
Bd4 Rxb3 41. Bc5 Rc3 42. e4 Rc4 43. Bf8 Rc8 44. Bc5 Rh8 45. Bd4 Rh4+ 46. Kg3 Rh1
47. Kf4 Rh2 48. Bc5 Rb2 49. Bf8 Rg2 50. Bg7 Rg1 51. Bd4 Rg2 52. Bc3 Rc2 53. Bd4
Rc4 54. Bc5 f6 55. gxf6 Kxf6 56. Kg4 g5 57. Bd6 Kg6 58. Be7 Rc1 59. Bc5 Rc2 60.
Bd6 Rg2+ 61. Kh3 Rg1 62. Bc5 Rc1 63. Kg4 Rc2 64. Bd6 Rg2+ 65. Kh3 Rd2 66. Bc5
Kh5 67. Kg3 Rd3 68. Kf2 g4 69. fxg4+ Kxg4 70. Ke2 Rb3 71. Bd6 Kg5 72. Kd2 Kf6
73. Kc2 Rh3 74. Kd2 Ke6 75. e5 Kd5 76. Ke2 Ke4 77. Kd2 Rd3+ 78. Kc2 Rd4 79. Kc3
Rd1 80. Kc2 Rd3 81. Kb2 Kd5 82. Kc2 Kc4 83. Bc5 Rd5 84. e6 Re5 85. e7 Re2+ 86.
Kd1 Kd3 87. Kc1 Re4 88. Kb2 Re2+ 89. Kb3 Re4 90. Bd6 Kd4 91. Bc5+ Kd3 92. Bd6
Kd4 1/2-1/2

[Event "Tata Steel India Blitz"]
[Site "Kolkata IND"]
[Date "2021.11.21"]
[Round "17.1"]
[White "Shankland, Sam"]
[Black "Nihal, Sarin"]
[Result "0-1"]
[WhiteTitle "GM"]
[BlackTitle "GM"]
[WhiteElo "2708"]
[BlackElo "2650"]
[WhiteFideId "2004887"]
[BlackFideId "25092340"]
[EventDate "2021.11.20"]

1. e4 e5 2. Nf3 Nc6 3. d4 exd4 4. Nxd4 Nf6 5. Nxc6 bxc6 6. Bd3 d5 7. exd5 cxd5
8. O-O Be7 9. c4 O-O 10. Nc3 Bb7 11. Qf3 Rb8 12. Nxd5 Nxd5 13. Be4 Nb6 14. Bxb7
Nxc4 15. Rd1 Bd6 16. Be4 Nxb2 17. Rd2 Nc4 18. Bxh7+ Kxh7 19. Qe4+ Kg8 20. Qxc4
Qf6 0-1

[Event "Tata Steel India Blitz"]
[Site "Kolkata IND"]
[Date "2021.11.21"]
[Round "17.2"]
[White "Aronian, Levon"]
[Black "Vidit, Santosh Gujrathi"]
[Result "1/2-1/2"]
[WhiteTitle "GM"]
[BlackTitle "GM"]
[WhiteElo "2782"]
[BlackElo "2727"]
[WhiteFideId "13300474"]
[BlackFideId "5029465"]
[EventDate "2021.11.20"]

1. e4 e5 2. Nf3 Nc6 3. Bb5 a6 4. Ba4 Nf6 5. O-O Nxe4 6. d4 b5 7. Bb3 d5 8. Nxe5
Nxe5 9. dxe5 c6 10. Be3 Be7 11. c3 O-O 12. Bc2 f6 13. Bxe4 dxe4 14. exf6 Bxf6
15. Qxd8 Rxd8 16. Nd2 Bf5 17. Nb3 Be6 18. Nc5 Bd5 19. a4 Be7 20. Rfd1 Bxc5 21.
Bxc5 Bb3 22. Rxd8+ Rxd8 23. axb5 axb5 24. Bd4 Rd7 25. h3 h6 26. Kh2 Kh7 27. Kg3
Rf7 28. h4 Kg6 29. Ra8 Bd5 30. Rd8 h5 31. Rd6+ Kf5 32. Rd8 Re7 33. Be3 Kg6 34.
Kf4 Kf7 35. g4 hxg4 36. Bc5 Re8 37. Rd7+ Kg6 38. h5+ Kh6 39. Rc7 Kxh5 40. Rxg7
Rg8 41. Rd7 g3 42. fxg3 Rg4+ 43. Kf5 Rg5+ 44. Kf4 Rg4+ 45. Kf5 Rg5+ 1/2-1/2

[Event "Tata Steel India Blitz"]
[Site "Kolkata IND"]
[Date "2021.11.21"]
[Round "17.3"]
[White "Erigaisi, Arjun"]
[Black "Harika, Dronavalli"]
[Result "1-0"]
[WhiteTitle "GM"]
[BlackTitle "GM"]
[WhiteElo "2627"]
[BlackElo "2511"]
[WhiteFideId "35009192"]
[BlackFideId "5015197"]
[EventDate "2021.11.20"]

1. b3 Nf6 2. Bb2 g6 3. g3 Bg7 4. Bg2 O-O 5. Nf3 d6 6. d4 b5 7. Qd3 a6 8. e4 Bb7
9. Nbd2 c5 10. d5 Nbd7 11. c4 Re8 12. O-O e6 13. Rfe1 exd5 14. exd5 Rxe1+ 15.
Rxe1 Qf8 16. Rb1 Re8 17. Bh3 Bc8 18. cxb5 axb5 19. Qxb5 Nb6 20. Bxc8 Nxc8 21.
Qd3 Nb6 22. Bxf6 Bxf6 23. a4 Nd7 24. Nc4 Ra8 25. Re1 Qb8 26. a5 Kg7 27. Kg2 h5
28. h4 Qb5 29. Qe3 Ra6 30. Rd1 Nf8 31. Rd3 Qb8 32. Qf4 Nd7 33. Re3 Qa8 34. Nxd6
Qxd5 35. Ne8+ Kh7 36. Nc7 1-0

[Event "Tata Steel India Blitz"]
[Site "Kolkata IND"]
[Date "2021.11.21"]
[Round "17.5"]
[White "Maghsoodloo, Parham"]
[Black "Le, Quang Liem"]
[Result "1-0"]
[WhiteTitle "GM"]
[BlackTitle "GM"]
[WhiteElo "2706"]
[BlackElo "2709"]
[WhiteFideId "12539929"]
[BlackFideId "12401137"]
[EventDate "2021.11.20"]

1. c4 e6 2. d4 d5 3. Nc3 a6 4. cxd5 exd5 5. Bf4 Nf6 6. e3 c5 7. Nf3 c4 8. Bg5
Be7 9. g3 b5 10. a3 Bb7 11. Bg2 O-O 12. Bxf6 Bxf6 13. Ng1 Qd6 14. h4 Nd7 15. Nh3
Nb6 16. Nf4 Bc6 17. O-O a5 18. Qh5 Rfd8 19. Rfd1 b4 20. axb4 axb4 21. Nce2 Na4
22. Rab1 Rab8 23. Rdc1 g6 24. Qf3 Bg7 25. b3 cxb3 26. Rxb3 Bb5 27. Nxd5 Qxd5 28.
Qxd5 Rxd5 29. Bxd5 Bxe2 30. Rc7 Bf8 31. Bxf7+ Kh8 32. Be6 Bd1 33. Rb1 Bf3 34.
Bd7 Nb6 35. Be6 Nd5 36. Rf7 Be4 37. Ra1 Ne7 38. Ra7 Bd5 39. Rfxe7 Bxe7 40. Bxd5
b3 41. Bxb3 Bxh4 42. gxh4 Rxb3 43. Kg2 Rb5 44. Kg3 Kg8 45. Re7 h6 46. e4 Kf8 47.
Re6 Kf7 48. d5 Rb3+ 49. f3 Rd3 50. h5 1-0

[Event "Tata Steel India Blitz"]
[Site "Kolkata IND"]
[Date "2021.11.21"]
[Round "18.1"]
[White "Le, Quang Liem"]
[Black "Erigaisi, Arjun"]
[Result "0-1"]
[WhiteTitle "GM"]
[BlackTitle "GM"]
[WhiteElo "2709"]
[BlackElo "2627"]
[WhiteFideId "12401137"]
[BlackFideId "35009192"]
[EventDate "2021.11.20"]

1. d4 Nf6 2. Nf3 d5 3. c4 e6 4. Nc3 c6 5. e3 Nbd7 6. Qc2 Bd6 7. b3 O-O 8. Be2 b6
9. O-O Bb7 10. Bb2 Qe7 11. Rad1 Rad8 12. Rfe1 Rfe8 13. g3 dxc4 14. bxc4 e5 15.
Bf1 g6 16. Bg2 a6 17. h3 Bc7 18. Qb3 c5 19. dxe5 Nxe5 20. Nxe5 Bxe5 21. f4 Rxd1
22. Rxd1 Bxf4 23. exf4 Qe3+ 24. Kh2 Qf2 25. Rg1 Re3 26. Nd5 Qxg3+ 27. Kh1 Bxd5
28. cxd5 Rxb3 29. axb3 Qxf4 30. Rf1 Nxd5 31. Rxf4 Nxf4 32. Bf1 b5 33. Ba3 Ne6
34. Kg2 Kf8 35. Kf2 Ke7 36. Ke3 Kd6 37. b4 c4 38. Bb2 f5 39. Bg2 g5 40. Bb7 Nc7
41. Bf6 g4 42. h4 Nd5+ 43. Bxd5 Kxd5 44. Kf4 Ke6 45. Bc3 h5 46. Be1 Kd5 47. Kxf5
Kd4 48. Kg5 c3 49. Kxh5 c2 50. Bd2 g3 0-1